[Event "Standard Chess Senior Masters Leisure 2200+ "]
[Site "SchemingMind.com"]
[Date "2007.10.12"]
[Round "-"]
[White "Aumonde"]
[Black "chesshub"]
[Result "1/2-1/2"]
[WhiteCountry "USA"]
[BlackCountry "FRA"]
[WhiteElo "2201"]
[WhiteRD "62"]
[BlackElo "2354"]
[BlackRD "77"]
[GameID "124355"]

1. d4 Nf6 2. c4 e6 3. Nc3 Bb4 4. Qc2 O-O 5. a3 Bxc3+ 6. Qxc3 b6 7. Bg5 Bb7 8. e3 d6 9. f3 Nbd7 10. Bd3 c5
11. Ne2 Rc8 12. b4 h6 13. Bh4 d5 14. bxc5 bxc5 15. cxd5 Nxd5 16. Bxd8 Nxc3 17. Ba5 cxd4 18. exd4 Nd5 19. Kf2 Nb8 20. Rhb1 Ba6
21. Bxa6 Nxa6 22. Rb7 Rc2 23. Rxa7 Nb8 24. Rc1 Rxc1 25. Nxc1 Nc6 26. Ra6 Nxd4 27. Ne2 Nxe2 28. Kxe2 Rb8 29. Bd2 g5 30. a4 Kg7
31. a5 Kf6 32. Ra7 Rb2 33. Kd3 Ra2 34. h3 h5 35. Rd7 h4 36. Rb7 Kg6 37. Rb8 f6 38. Rc8=
1/2-1/2

[Event "Standard Chess Senior Masters Leisure 2200+ "]
[Site "SchemingMind.com"]
[Date "2007.10.12"]
[Round "-"]
[White "Goran"]
[Black "chesshub"]
[Result "0-1"]
[WhiteCountry "ITA"]
[BlackCountry "FRA"]
[WhiteElo "2503"]
[WhiteRD "69"]
[BlackElo "2381"]
[BlackRD "73"]
[GameID "124356"]

1. d4 Nf6 2. c4 e6 3. Nf3 b6 4. g3 Ba6 5. b3 Bb4+ 6. Bd2 Be7 7. Bg2 d5 8. Ne5 c6 9. O-O O-O 10. Bf4 Nfd7
11. Nf3 dxc4 12. bxc4 Bxc4 13. Nbd2 Ba6 14. Ne4 h6 15. Rc1 g5 16. Be3 Kg7 17. h4 f5 18. Nexg5 hxg5 19. Nxg5 Bxg5 20. hxg5 Re8
21. Re1 Nf8 22. Bd2 Kg8 23. e4 Bd3 24. Qh5 Qd7 25. exf5 Bxf5 26. Bc3 Re7 27. Qd1 Rf7 28. Bb2 a5 29. Rc3 Ra7 30. a4 Qd8
31. Qd2 Rh7 32. Rc4 Rh5 33. Bc1 Rah7 34. Qd1 Rh2 35. Rc3 Na6 36. g4 Bg6 37. Bf4 R2h4 38. Rxc6 Nb4 39. Rcxe6 Nd3 40. Qb3 Bf7
41. Qxd3 Bxe6 42. f3 Rd7
0-1

[Event "Standard Chess Senior Masters Leisure 2200+ "]
[Site "SchemingMind.com"]
[Date "2007.10.17"]
[Round "-"]
[White "kotofey"]
[Black "chesshub"]
[Result "1-0"]
[WhiteCountry "LAT"]
[BlackCountry "FRA"]
[WhiteElo "2431"]
[WhiteRD "97"]
[BlackElo "2384"]
[BlackRD "74"]
[GameID "124357"]

1. Nf3 d5 2. d4 c6 3. c4 Nf6 4. e3 Bf5 5. Nc3 e6 6. Nh4 Be4 7. f3 Bg6 8. Qb3 Qb6 9. Nxg6 hxg6 10. Bd2 Nbd7
11. Qxb6 axb6 12. cxd5 Nxd5 13. Nxd5 exd5 14. Bd3 b5 15. h3 Nb6 16. b3 Kd7 17. Ke2 Ba3 18. Rab1 Ra7 19. e4 Rd8 20. b4 Rh8
21. Bc3 Rha8 22. Kf2 Re8 23. e5 Na4 24. Ba1 Nb6 25. f4 Raa8 26. Rb3 Rh8 27. Kg3 Ke6 28. h4 Nc4 29. Bc3 Ra6 30. Kh3 Rh6
31. g4 Rh8 32. f5+ gxf5 33. Bxf5+ Ke7 34. Kg3 Raa8 35. Bd3 Rh6 36. g5 Rh5 37. Be2 Rhh8 38. h5 Rhg8 39. Kf4 Rh8 40. Bd3 Nb6
41. Kf3 Nd7 42. h6 Nb6 43. Kg4 g6 44. Re1 Ke6 45. Rf1 Ke7 46. Rf3 Nc4 47. Rb1 Raf8 48. Rbf1 b6 49. Bxc4 bxc4 50. Rf6
1-0

[Event "Standard Chess Senior Masters Leisure 2200+ "]
[Site "SchemingMind.com"]
[Date "2007.10.12"]
[Round "-"]
[White "Konan_Kaddosh"]
[Black "chesshub"]
[Result "1/2-1/2"]
[WhiteCountry "ITA"]
[BlackCountry "FRA"]
[WhiteElo "2555"]
[WhiteRD "61"]
[BlackElo "2421"]
[BlackRD "74"]
[GameID "124358"]

1. e4 c5 2. Nf3 d6 3. d4 cxd4 4. Nxd4 Nf6 5. Nc3 a6 6. Be3 e5 7. Nb3 Be6 8. Qd2 Nbd7 9. f3 b5 10. O-O-O Be7
11. g4 O-O 12. g5 b4 13. Ne2 Ne8 14. f4 a5 15. f5 a4 16. Nbd4 exd4 17. Nxd4 b3 18. Kb1 bxc2+ 19. Nxc2 Bb3 20. axb3 axb3
21. Na3 Ne5 22. h4 Ra4 23. Bd4 Qa8 24. Qg2 Kh8 25. Rh3 Rb4 26. Rc3 Qb7 27. Qe2 f6 28. g6 h6 29. h5 Nc7 30. Rdc1 Ne8
31. Bg1 d5 32. exd5 Qd7 33. Bh3 Bd6 34. Qd1 Qa4 35. Bf1 Rb7 36. Bd4 Bxa3 37. bxa3 Qxa3 38. Qe2 Rg8 39. Qa6 Qb4 40. Rc8 Qd2
41. Bc3 Qf2 42. Be1 Qxf5+ 43. Kb2 Qd7 44. Rd8 Qxd8 45. Qxb7 Nd6 46. Qc7 Qa8 47. Qa5 Qe8 48. Bb4 Qd7 49. Qc7 Qa4 50. Qa5 Qd7=
1/2-1/2